000 00770nam a22002057a 4500
003 BUBTL
008 211214b ||||| |||| 00| 0 eng d
020 _a9789844321748
082 _a894.113/ Iq1c/ 2004
100 _91778
_aইকবাল, মুহম্মদ জাফর
245 _aক্যাম্প /
_cমুহম্মদ জাফর ইকবাল
250 _a 1st Edn.
260 _aঢাকা :
_bঅনন্যা,
_cc2004.
300 _a71 p.:
_c22 cm.
505 _aক্যাম্প, মুহম্মদ জাফর ইকবাল, বাংলা সাহিত্য
650 0 _91687
_aবাংলা সাহিত্য
856 _k0
_l0
_yDownload
942 _2ddc
_cBK
999 _c6621
_d6621